Parque Nacional de la Montaña de Covadonga / (Record no. 112404)

MARC details
000 -LEADER
campo de control de longitud fija 00656nam a2200181 i 4500
001 - NÚMERO DE CONTROL
campo de control 112404
003 - IDENTIFICADOR DE NÚMERO DE CONTROL
campo de control ES-MaACL
005 - FECHA Y HORA DE LA ÚLTIMA TRANSACCIÓN
campo de control 20230906185525.0
007 - CAMPO FIJO DE DESCRIPCIÓN FÍSICA--INFORMACIÓN GENERAL
campo de control de longitud fija t|
008 - DATOS DE LONGITUD FIJA--INFORMACIÓN GENERAL
campo de control de longitud fija 061121s1967 sp bf |||| | spa d
100 1# - ENTRADA PRINCIPAL--NOMBRE DE PERSONA
Nombre de persona Muñoz Goyanes, Guillermo.
9 (RLIN) 84432
245 10 - MENCIÓN DEL TÍTULO
Título Parque Nacional de la Montaña de Covadonga /
Mención de responsabilidad, etc. Guillermo Muñoz Goyanes.
260 ## - PUBLICACIÓN, DISTRIBUCIÓN, ETC.
Lugar de publicación, distribución, etc. Madrid :
Nombre del editor, distribuidor, etc. Servicio Nacional de Pesca Fluvial y Caza,
Fecha de publicación, distribución, etc. 1967.
300 ## - DESCRIPCIÓN FÍSICA
Extensión 226 p., 1 mapa pleg., 9 lám. :
Otras características físicas il. ;
Dimensiones 27 cm.
651 #4 - PUNTO DE ACCESO ADICIONAL DE MATERIA--NOMBRE GEOGRÁFICO
Nombre geográfico Parque Nacional de la Montaña de Covadonga.
9 (RLIN) 165632
710 1# - ENTRADA AGREGADA--NOMBRE DE ENTIDAD CORPORATIVA
Nombre de entidad corporativa o nombre de jurisdicción como elemento de entrada España.
Unidad subordinada Servicio Nacional de Pesca Fluvial y Caza.
9 (RLIN) 3987
852 ## - LOCALIZACIÓN
Ubicación ES-MaACL
Número de control de estantería C-33405
Holdings
Estatus retirado Estado de pérdida Estado de daño No para préstamo Biblioteca de origen Biblioteca actual Ubicación en estantería Fecha de adquisición Fuente de adquisición Total de préstamos Signatura topográfica completa Código de barras Visto por última vez Precio de reemplazo Tipo de ítem Koha
        Biblioteca del Ateneo de Madrid Biblioteca del Ateneo de Madrid Depósito 2 17/01/2008     C-33405 1117252 23/02/2023 23/02/2023 Libro impreso